Code de l'environnement 2001 : Partie législative
שמור ב:
| מחבר ראשי: | |
|---|---|
| פורמט: | ספר |
| שפה: | Undetermined |
| יצא לאור: |
Paris
Litec
2001
|
| נושאים: | |
| תגים: |
הוספת תג
אין תגיות, היה/י הראשונ/ה לתייג את הרשומה!
|
| Thư viện lưu trữ: | Trung tâm Học liệu Trường Đại học Cần Thơ |
|---|
| LEADER | 00523nam a2200205Ia 4500 | ||
|---|---|---|---|
| 001 | CTU_73012 | ||
| 008 | 210402s9999 xx 000 0 und d | ||
| 082 | |a 344.44046 | ||
| 082 | |b H891 | ||
| 100 | |a Huglo, Christian | ||
| 245 | 0 | |a Code de l'environnement 2001 : | |
| 245 | 0 | |b Partie législative | |
| 245 | 0 | |c Christian Huglo | |
| 260 | |a Paris | ||
| 260 | |b Litec | ||
| 260 | |c 2001 | ||
| 650 | |a Environmental law | ||
| 650 | |z French | ||
| 904 | |i Minh | ||
| 980 | |a Trung tâm Học liệu Trường Đại học Cần Thơ | ||